Quiz sur l'Isère - Statistiques

Statistiques générales
  • Ce quiz a été pris 3 786 fois
  • Le résultat moyen est 12 sur 18
Statistiques - réponses
Question Réponse % Correct
Préfecture et plus grande ville Grenoble
98%
Numéro du département 38
97%
Région dont celui-ci fait partie Auvergne-Rhône-Alpes
96%
Sport qui peut être pratiqué à Huez comme à Chamrousse Ski alpin
90%
Département qui annexa une partie importante de l'Isère en 1852 Rhône
82%
Écrivain du département principalement connu pour Le Rouge et le Noir Stendhal
76%
Évènement international ayant pris place en 1968 dans la préfecture Jeux Olympiques d'Hiver
75%
Sport dans lequel la finale entre le club de la préfecture et Castres,en 1993, est restée l'un des plus grands scandales de l'histoire Rugby
75%
Sous-préfecture qui partage son nom avec une capitale et un département Vienne
72%
Massif forestier à la biodiversité riche qui accueillit un maquis résistant Massif du {Vercors}
67%
Troisième agglomération de l'Isère, dont les habitants sont les Berjalliens Bourgoin-Jallieu
64%
Chanteur d'Échirolles qui a rendu hommage à un drame local en 2014 Calogero
58%
Ancienne province qui recouvrait l'Isère, la Drôme et les Hautes-Alpes Dauphiné
56%
Marque iséroise au nom d'oiseau qui est leader de ce secteur en France Rossignol
52%
Commune proche de la Savoie dans laquelle on peut trouver les cavesde la Chartreuse, plus grandes caves à liqueur au monde V{oiron}
45%
Seule autre sous-préfecture, en vertu de sa puissante baronnie La Tour-du-Pin
38%
« Chevalier sans peur et sans reproche » qui conduisitles troupes françaises à la victoire en 1515 à Marignan Chevalier Bayard
35%
Compositeur romantique qui a notamment signé La Damnation de Faust Hector Berlioz
25%
Aucun quiz correspondant
Distribution des résultats
% des personnes avec chaque résultat
Percentile par nombre de réponses
Votre historique - résultats
Vous n’avez pas pris ce quiz